000 00315nam a2200121 i 4500
001 bg
245 0 2 _aV Szkoła Fizyki i zastosowań monokryształów i materiałów...
_nCz. 2,
_pKomunikaty.
260 _aRadom,
_c1982.
040 _cBPK
041 _apol
942 _cKS
008 s pl f |000 0 pol
999 _c21828
_d21828
856 _uhttp://koha.tu.koszalin.pl/cgi-bin/koha/opac-detail.pl?biblionumber=21828
_yKatalog online BPK